|
|
|
|
| LEADER |
01293nam a22002897a 4500 |
| 001 |
33976 |
| 003 |
BD-DhAAL |
| 005 |
20181108122741.0 |
| 008 |
181107t2018 bg b 000 0 ben d |
| 999 |
|
|
|c 40254
|d 40254
|
| 020 |
|
|
|a 9789848058305
|
| 040 |
|
|
|a BD-DhAAL
|c BD-DhAAL
|
| 041 |
0 |
|
|a BEN
|
| 082 |
0 |
4 |
|a 954.9205092
|2 22
|
| 100 |
|
|
|a বিশ্বাস, ইলিয়াস উদ্দিন
|9 28767
|
| 245 |
|
|
|a ভাষাসৈনিক থেকে রাষ্ট্রনায়ক /
|b ইলিয়াস উদ্দিন বিশ্বাস
|
| 246 |
|
|
|a Bhasha soinik theke rastonayok
|
| 260 |
|
|
|a ঢাকা :
|b তাম্রলিপি,
|c ২০১৮
|
| 300 |
|
|
|a ২০৮ পৃষ্ঠা ;
|c ২২ সে.মি.
|
| 504 |
|
|
|a বিবলিওগ্রাফী অন্তর্ভুক্ত
|
| 526 |
|
|
|a AAL
|
| 541 |
|
|
|a BoiBazar.com
|e 33976
|
| 600 |
|
|
|a Mujibur Rahman,
|c Sheikh,
|d 1920-1975
|x Political and social views
|9 28779
|
| 651 |
|
|
|a Bangladesh
|x Politics and government.
|9 28780
|
| 852 |
|
|
|a Ayesha Abed Library
|c Bangabandhu Corner
|
| 942 |
|
|
|2 ddc
|c BK
|
| 952 |
|
|
|0 0
|1 0
|2 ddc
|4 0
|6 954_920509200000000_BIS
|7 0
|9 64627
|a BRACUL
|b BRACUL
|c BNC
|d 2018-11-01
|e BoiBazar.com
|g 306.00
|l 0
|o 954.9205092 BIS
|p 3010033976
|r 2018-11-01
|t 1
|v 306.00
|w 2018-11-01
|y BK
|